[Event "CRO-chT U20 25th"]
[Site "Sv Filip i Jakov"]
[Date "2016.03.26"]
[Round "9.4"]
[White "Vrankovic, Ivan"]
[Black "Tomulic, Teo"]
[Result "0-1"]
[WhiteElo "2070"]
[BlackElo "2117"]
[PlyCount "108"]
[EventDate "2016.03.21"]
[EventType "team-tourn"]
[EventRounds "9"]
[EventCountry "CRO"]
[SourceTitle "CBM 171 Extra"]
[Source "ChessBase"]
[SourceDate "2016.04.26"]
[SourceVersion "1"]
[SourceVersionDate "2016.04.26"]
[SourceQuality "1"]

1. e4 e5 2. Nf3 Nc6 3. Bb5 Bc5 4. c3 f5 5. d4 fxe4 6. Bxc6 dxc6 7. Nxe5 Bd6 8. Qh5+ g6 9. Qe2 Qh4 10. g3 Qh3 11. Bf4 Nf6 12. Nd2 Be6 13. Bg5 Be7 14. 0-0-0 0-0 15. Bxf6 Bxf6 16. Nxe4 Bxa2 17. f4 a5 18. g4 Bg7 19. Rhf1 Qh4 20. Qf2 Qxf2 21. Rxf2 a4 22. Nc5 b6 23. Ncd3 Bb3 24. Nxc6 a3 25. bxa3 Bxd1 26. Kxd1 Rxa3 27. Kc2 Ra2+ 28. Nb2 Re8 29. Kb3 Ra1 30. Nc4 Bf8 31. N4e5 b5 32. Rb2 Rf1 33. f5 gxf5 34. gxf5 h6 35. Rg2+ Kh7 36. h4 Rxf5 37. c4 bxc4+ 38. Kxc4 Bg7 39. Kd5 Rf4 40. h5 Rh4 41. Rf2 Kg8 42. Rd2 Bf8 43. Rg2+ Kh7 44. Rf2 Bd6 45. Rf7+ Kg8 46. Rf5 Rf8 47. Ke6 Rxf5 48. Kxf5 Rxh5+ 49. Kg6 Rh1 50. Ng4 Rg1 51. Kh5 Kg7 52. Ne3 Rg5+ 53. Kh4 Kg6 54. Ng4 Rh5# 0-1

[Event "CRO-chT U20 25th"]
[Site "Sv Filip i Jakov"]
[Date "2016.03.22"]
[Round "3.4"]
[White "Plenca, Jadranko"]
[Black "Vrankovic, Ivan"]
[Result "1-0"]
[WhiteElo "2366"]
[BlackElo "2070"]
[PlyCount "83"]
[EventDate "2016.03.21"]
[EventType "team-tourn"]
[EventRounds "9"]
[EventCountry "CRO"]
[SourceTitle "CBM 171 Extra"]
[Source "ChessBase"]
[SourceDate "2016.04.26"]
[SourceVersion "1"]
[SourceVersionDate "2016.04.26"]
[SourceQuality "1"]

1. e4 c5 2. Nf3 Nc6 3. Bb5 g6 4. Bxc6 dxc6 5. d3 Bg7 6. h3 Nh6 7. 0-0 f6 8. Be3 b6 9. a3 a5 10. Nbd2 0-0 11. b4 cxb4 12. axb4 a4 13. Ra3 Nf7 14. d4 Nd6 15. c4 b5 16. c5 Nf7 17. Re1 e5 18. Nf1 exd4 19. Nxd4 Ne5 20. Bf4 Bd7 21. Ne3 Qe7 22. Bg3 Rfd8 23. f4 Nf7 24. Nec2 Kh8 25. h4 g5 26. hxg5 fxg5 27. e5 gxf4 28. Bxf4 Be6 29. Qf3 Bd5 30. Qh5 Rg8 31. Rh3 Bh6 32. Ne3 Ng5 33. Nxd5 Nxh3+ 34. Qxh3 cxd5 35. Qxh6 Rg6 36. Qh3 Rf8 37. Rf1 Rfg8 38. Rf2 Rg4 39. e6 R8g6 40. Bd6 Qg5 41. Rf8+ Rg8 42. Qxg4 1-0

[Event "Adriatic U20 op"]
[Site "Split"]
[Date "2015.08.30"]
[Round "7"]
[White "Vrankovic, Ivan"]
[Black "Sokac, Marko"]
[Result "0-1"]
[WhiteElo "2124"]
[BlackElo "2294"]
[PlyCount "72"]
[EventDate "2015.08.25"]
[EventType "swiss"]
[EventRounds "9"]
[EventCountry "CRO"]
[SourceTitle "EXT 2016"]
[Source "ChessBase"]
[SourceDate "2015.10.08"]
[SourceVersion "1"]
[SourceVersionDate "2015.10.08"]
[SourceQuality "1"]

1. e4 c5 2. Nf3 d6 3. Bb5+ Nd7 4. 0-0 Ngf6 5. Re1 a6 6. Bf1 g6 7. c4 Bg7 8. d4 cxd4 9. Nxd4 0-0 10. Nc3 Qc7 11. b3 b5 12. Bb2 bxc4 13. Bxc4 Nb6 14. Bf1 Bb7 15. Rc1 Qd8 16. a4 Rc8 17. a5 Nbd7 18. b4 Ne5 19. Qb3 e6 20. b5 Nfg4 21. h3 Nxf2 22. Kxf2 Ng4+ 23. hxg4 Bxd4+ 24. Ke2 Qg5 25. Kd1 Bf2 26. Qc2 Bxe1 27. Kxe1 axb5 28. Qd2 Qxg4 29. Bxb5 Bxe4 30. Nxe4 Qxe4+ 31. Kd1 Rxc1+ 32. Bxc1 Qg4+ 33. Ke1 Qg3+ 34. Kf1 Rc8 35. a6 Qb3 36. Bd3 Rxc1+ 0-1

[Event "Adriatic U20 op"]
[Site "Split"]
[Date "2015.08.29"]
[Round "6"]
[White "Muha, Miljenko"]
[Black "Vrankovic, Ivan"]
[Result "1-0"]
[WhiteElo "2162"]
[BlackElo "2124"]
[PlyCount "71"]
[EventDate "2015.08.25"]
[EventType "swiss"]
[EventRounds "9"]
[EventCountry "CRO"]
[SourceTitle "EXT 2016"]
[Source "ChessBase"]
[SourceDate "2015.10.08"]
[SourceVersion "1"]
[SourceVersionDate "2015.10.08"]
[SourceQuality "1"]

1. d4 Nf6 2. c4 g6 3. Nc3 Bg7 4. e4 d6 5. f3 0-0 6. Nge2 c5 7. Be3 Nc6 8. d5 Ne5 9. Ng3 h5 10. Be2 h4 11. Nf1 e6 12. Nd2 exd5 13. cxd5 h3 14. g3 Bd7 15. a4 a6 16. a5 b5 17. axb6 Qxb6 18. Ra2 Bb5 19. 0-0 Rfb8 20. g4 g5 21. Bxg5 c4+ 22. Kh1 Nfd7 23. f4 Nd3 24. Bxd3 cxd3 25. Rf3 Qd4 26. Rxh3 Nc5 27. Qg1 Qb4 28. Qe1 Bc4 29. Qh4 Nxe4 30. Ndxe4 Bxd5 31. Qh7+ Kf8 32. Qxg7+ Ke8 33. Re3 d2 34. Ra1 Qxb2 35. Rd1 Kd7 36. Qd4 1-0

[Event "Split op 5th"]
[Site "Split"]
[Date "2015.08.13"]
[Round "6"]
[White "Zelic, Mladen"]
[Black "Vrankovic, Ivan"]
[Result "1-0"]
[WhiteElo "2300"]
[BlackElo "2124"]
[PlyCount "101"]
[EventDate "2015.08.09"]
[EventType "swiss"]
[EventRounds "9"]
[EventCountry "CRO"]
[SourceTitle "EXT 2016"]
[Source "ChessBase"]
[SourceDate "2015.10.08"]
[SourceVersion "1"]
[SourceVersionDate "2015.10.08"]
[SourceQuality "1"]

1. e4 c5 2. d4 cxd4 3. c3 Nf6 4. e5 Nd5 5. Nf3 Nc6 6. Bc4 Nb6 7. Bb3 d5 8. exd6 Qxd6 9. 0-0 Be6 10. Na3 Bxb3 11. Qxb3 e6 12. Nb5 Qd7 13. Nxa7 Rxa7 14. Qxb6 Ra6 15. Qb5 Ra5 16. Qd3 Rd5 17. cxd4 Nxd4 18. Nxd4 Rxd4 19. Qg3 f6 20. Be3 Rd5 21. Qb8+ Kf7 22. Rac1 Qd8 23. Rc8 Qd6 24. Qxb7+ Kg6 25. b4 Qe5 26. g3 Rb5 27. Qc6 Rxb4 28. Qe8+ Kf5 29. Qh5+ g5 30. h4 h6 31. Rfc1 Qe4 32. hxg5 Qg4 33. Qxg4+ Rxg4 34. gxh6 Rgg8 35. a4 Kg6 36. R1c6 e5 37. a5 Bxh6 38. Rxg8+ Rxg8 39. Bxh6 Kxh6 40. Rxf6+ Kg5 41. Rb6 Ra8 42. a6 Kf5 43. Kg2 e4 44. Rb5+ Kg4 45. Ra5 Ra7 46. Ra3 Kg5 47. Ra2 Kf5 48. Ra4 Ke5 49. Ra5+ Kd4 50. g4 Kd3 51. Kg3 1-0

[Event "CRO-ch U19"]
[Site "Krapinske Toplice"]
[Date "2015.07.25"]
[Round "1"]
[White "Raguz, Ivan"]
[Black "Vrankovic, Ivan"]
[Result "0-1"]
[WhiteElo "1789"]
[BlackElo "2124"]
[PlyCount "54"]
[EventDate "2015.07.25"]
[EventType "swiss"]
[EventRounds "9"]
[EventCountry "CRO"]
[SourceTitle "CBM 167 Extra"]
[Source "ChessBase"]
[SourceDate "2015.09.14"]
[SourceVersion "1"]
[SourceVersionDate "2015.09.14"]
[SourceQuality "1"]

1. e4 c5 2. Nf3 Nc6 3. d4 cxd4 4. Nxd4 g6 5. c4 Nf6 6. Nc3 d6 7. Be2 Nxd4 8. Qxd4 Bg7 9. Qe3 0-0 10. 0-0 Bd7 11. Bd2 a5 12. Rad1 Bc6 13. f4 Nd7 14. b3 f5 15. exf5 gxf5 16. Qe6+ Kh8 17. Nd5 Nc5 18. Qxe7 Qxe7 19. Nxe7 Rfe8 20. Nxc6 Rxe2 21. Nxa5 Ne4 22. Bb4 b6 23. Nc6 Raxa2 24. Rfe1 Rxg2+ 25. Kh1 Rxh2+ 26. Kg1 Rag2+ 27. Kf1 Ng3# 0-1

[Event "CRO-chT U20 24th"]
[Site "Sv Filip i Jakov"]
[Date "2015.04.04"]
[Round "11.5"]
[White "Vrankovic, Ivan"]
[Black "Srbis, Jurica"]
[Result "0-1"]
[WhiteElo "2020"]
[BlackElo "2412"]
[PlyCount "80"]
[EventDate "2015.03.30"]
[EventType "team-tourn"]
[EventRounds "11"]
[EventCountry "CRO"]
[SourceTitle "CBM 165 Extra"]
[Source "ChessBase"]
[SourceDate "2015.04.21"]
[SourceVersion "1"]
[SourceVersionDate "2015.04.21"]
[SourceQuality "1"]

1. e4 c5 2. Nf3 g6 3. c4 Nc6 4. d4 cxd4 5. Nxd4 Nf6 6. Nc3 d6 7. Be2 Bg7 8. Be3 0-0 9. 0-0 Bd7 10. Qd2 Nxd4 11. Bxd4 Bc6 12. f3 a5 13. b3 Nd7 14. Be3 Nc5 15. Rab1 Qb6 16. Rfc1 Rfc8 17. Rc2 Qd8 18. a3 Be5 19. b4 axb4 20. axb4 Na4 21. Nd1 e6 22. Nf2 d5 23. exd5 exd5 24. b5 Be8 25. Nd3 Bg7 26. c5 d4 27. Bg5 f6 28. Bh6 Nc3 29. Re1 Bxb5 30. Bxg7 Kxg7 31. Nf4 Nxe2+ 32. Rxe2 Qd7 33. Re4 d3 34. Rb2 Re8 35. Reb4 Ra1+ 36. Kf2 Ba6 37. Nxd3 Qxd3 38. Rxb7+ Kg8 39. Ra7 Qf5 40. Qd6 Rf1+ 0-1

[Event "CRO-chT U20 24th"]
[Site "Sv Filip i Jakov"]
[Date "2015.04.02"]
[Round "7.6"]
[White "Matanovic, Luka"]
[Black "Vrankovic, Ivan"]
[Result "0-1"]
[WhiteElo "2190"]
[BlackElo "2020"]
[PlyCount "98"]
[EventDate "2015.03.30"]
[EventType "team-tourn"]
[EventRounds "11"]
[EventCountry "CRO"]
[SourceTitle "CBM 165 Extra"]
[Source "ChessBase"]
[SourceDate "2015.04.21"]
[SourceVersion "1"]
[SourceVersionDate "2015.04.21"]
[SourceQuality "1"]

1. e4 c5 2. Nf3 Nc6 3. Bb5 g6 4. Bxc6 dxc6 5. h3 Bg7 6. d3 b6 7. 0-0 Nh6 8. Nc3 0-0 9. Bf4 f6 10. a3 a5 11. Nh2 Nf7 12. Be3 Qc7 13. f4 e5 14. Ne2 Ba6 15. b3 Rad8 16. Rb1 Rd7 17. f5 gxf5 18. Rxf5 Nd6 19. Rh5 Nxe4 20. Qe1 Nd6 21. Qh4 f5 22. Rxh7 Bf6 23. Rxd7 Qxd7 24. Bg5 Bxg5 25. Qxg5+ Qg7 26. Qxg7+ Kxg7 27. Nc3 Nb5 28. Nxb5 cxb5 29. Kf2 Kf6 30. Nf1 f4 31. Nd2 Bb7 32. a4 Rg8 33. Rg1 bxa4 34. bxa4 Bc6 35. Ne4+ Kf5 36. g4+ fxg3+ 37. Nxg3+ Ke6 38. Rb1 Bxa4 39. Rxb6+ Ke7 40. c3 Bd7 41. Ra6 a4 42. Ne4 c4 43. dxc4 Rc8 44. c5 Bxh3 45. Ke3 Bg2 46. Ra7+ Ke6 47. Ra6+ Ke7 48. Ra5 a3 49. Nf2 Ra8 0-1

[Event "CRO-chT U20 24th"]
[Site "Sv Filip i Jakov"]
[Date "2015.04.02"]
[Round "8.1"]
[White "Sokac, Marko"]
[Black "Vrankovic, Ivan"]
[Result "1-0"]
[WhiteElo "2305"]
[BlackElo "2020"]
[PlyCount "67"]
[EventDate "2015.03.30"]
[EventType "team-tourn"]
[EventRounds "11"]
[EventCountry "CRO"]
[SourceTitle "CBM 165 Extra"]
[Source "ChessBase"]
[SourceDate "2015.04.21"]
[SourceVersion "1"]
[SourceVersionDate "2015.04.21"]
[SourceQuality "1"]

1. e4 c6 2. Nc3 d5 3. Nf3 Bg4 4. h3 Bxf3 5. Qxf3 Nf6 6. e5 Nfd7 7. e6 fxe6 8. d4 e5 9. dxe5 Nxe5 10. Qg3 Nbd7 11. Bf4 Nf7 12. 0-0-0 e5 13. Re1 Qf6 14. h4 0-0-0 15. Bg5 Nxg5 16. hxg5 Qf4+ 17. Qxf4 exf4 18. Bd3 Bc5 19. Rxh7 Bxf2 20. Re7 Be3+ 21. Kd1 Bc5 22. Rexg7 Bd4 23. Re7 Rxh7 24. Bxh7 Kb8 25. Ne2 Bxb2 26. Nxf4 Nc5 27. g6 Ne4 28. Ne6 Rc8 29. g7 Bf6 30. Bxe4 Bxe7 31. Bh7 d4 32. g8Q Rxg8 33. Bxg8 c5 34. g4 1-0

[Event "CRO-chT U20 24th"]
[Site "Sv Filip i Jakov"]
[Date "2015.04.01"]
[Round "5.5"]
[White "Kolic, Ivan"]
[Black "Vrankovic, Ivan"]
[Result "0-1"]
[WhiteElo "1847"]
[BlackElo "2020"]
[PlyCount "64"]
[EventDate "2015.03.30"]
[EventType "team-tourn"]
[EventRounds "11"]
[EventCountry "CRO"]
[SourceTitle "CBM 165 Extra"]
[Source "ChessBase"]
[SourceDate "2015.04.21"]
[SourceVersion "1"]
[SourceVersionDate "2015.04.21"]
[SourceQuality "1"]

1. d4 Nf6 2. c4 g6 3. Bf4 Bg7 4. Nc3 0-0 5. Nf3 d6 6. h3 c5 7. e3 Qa5 8. Be2 Ne4 9. Qb3 Nxc3 10. Qxc3 Qxc3+ 11. bxc3 Nc6 12. 0-0 b6 13. Bh2 Ba6 14. Nd2 Na5 15. Rac1 Rac8 16. Rfe1 Rfd8 17. Bf1 e5 18. d5 f5 19. Be2 Rc7 20. h4 Bf6 21. Bg3 h6 22. f4 exf4 23. exf4 Re7 24. Kf2 Rde8 25. h5 gxh5 26. Bxh5 Rxe1 27. Rxe1 Rxe1 28. Kxe1 Bxc3 29. Kd1 Bxd2 30. Kxd2 Bxc4 31. Bg6 Bxa2 32. Bxf5 Bxd5 0-1

[Event "Bosnjaci op 20th"]
[Site "Bosnjaci"]
[Date "2015.01.05"]
[Round "4"]
[White "Zovko, Mario"]
[Black "Vrankovic, Ivan"]
[Result "1-0"]
[WhiteElo "2296"]
[BlackElo "1987"]
[PlyCount "63"]
[EventDate "2015.01.03"]
[EventType "swiss"]
[EventRounds "9"]
[EventCountry "CRO"]
[SourceTitle "CBM 164 Extra"]
[Source "ChessBase"]
[SourceDate "2015.03.02"]
[SourceVersion "1"]
[SourceVersionDate "2015.03.02"]
[SourceQuality "1"]

1. e4 c5 2. c3 Nf6 3. e5 Nd5 4. d4 cxd4 5. cxd4 d6 6. Nf3 Nc6 7. Bc4 Nb6 8. Bb5 dxe5 9. Nxe5 Bd7 10. Nxd7 Qxd7 11. Nc3 e6 12. 0-0 Be7 13. Qg4 Bf6 14. Rd1 0-0 15. Bxc6 bxc6 16. Ne4 Qe7 17. Bf4 Rfd8 18. Qg3 Rd5 19. Nxf6+ Qxf6 20. Be5 Qg6 21. Qc3 Rc8 22. Qa3 Nc4 23. Qa6 Nb6 24. Qxa7 Rb5 25. a4 Rb3 26. Qb7 f6 27. a5 fxe5 28. axb6 Rf8 29. Ra8 Qc2 30. Rxf8+ Kxf8 31. Ra1 Ra3 32. bxa3 1-0

[Event "CRO-ch U17"]
[Site "Sveti Martin"]
[Date "2014.07.31"]
[Round "8"]
[White "Vrankovic, Ivan"]
[Black "Plenca, Jadranko"]
[Result "0-1"]
[WhiteElo "2006"]
[BlackElo "2184"]
[PlyCount "124"]
[EventDate "2014.07.26"]
[EventType "swiss"]
[EventRounds "9"]
[EventCountry "CRO"]
[SourceTitle "EXT 2016"]
[Source "ChessBase"]
[SourceDate "2015.10.08"]
[SourceVersion "1"]
[SourceVersionDate "2015.10.08"]
[SourceQuality "1"]

1. e4 e5 2. Nf3 Nc6 3. Bb5 a6 4. Ba4 Nf6 5. 0-0 Be7 6. d3 b5 7. Bb3 d6 8. a4 Bd7 9. c3 Na5 10. Bc2 c5 11. d4 Nc6 12. d5 Na5 13. Nbd2 c4 14. Re1 0-0 15. Nf1 Re8 16. Ng3 Nb7 17. h3 Nc5 18. Be3 Nxa4 19. Bxa4 bxa4 20. Qe2 Qc7 21. Nh2 Rab8 22. Ng4 Nxg4 23. hxg4 Rb3 24. Nf5 Bf8 25. g3 Reb8 26. Ra2 a3 27. Rxa3 Rxb2 28. Qf1 a5 29. f4 a4 30. g5 R8b3 31. Rea1 Qc8 32. g4 exf4 33. Qxf4 Rxa3 34. Rxa3 Qb8 35. Bc1 Rb1 36. Qd2 Qe8 37. Qc2 Rb3 38. Kg2 Qe5 39. Kf3 Rxa3 40. Bxa3 g6 41. Nh6+ Bxh6 42. gxh6 Qf6+ 43. Kg3 g5 44. Qf2 Qxc3+ 45. Qf3 Qe5+ 46. Kh3 c3 47. Bc1 Bb5 48. Kg2 c2 49. Qf5 Qxf5 50. gxf5 f6 51. Kf3 Kf7 52. Ke3 Bc4 53. Kd4 Be2 54. Ke3 Bd1 55. Kf2 g4 56. Kg3 Ke7 57. Bb2 Kd7 58. Ba3 Kc7 59. Bc1 Kb6 60. Ba3 Kb5 61. Bc1 Bf3 62. Ba3 Kc4 0-1

[Event "CRO-ch U17"]
[Site "Sveti Martin"]
[Date "2014.07.27"]
[Round "2"]
[White "Vrankovic, Ivan"]
[Black "Toplak, Juraj"]
[Result "1-0"]
[WhiteElo "2006"]
[BlackElo "1752"]
[PlyCount "109"]
[EventDate "2014.07.26"]
[EventType "swiss"]
[EventRounds "9"]
[EventCountry "CRO"]
[SourceTitle "EXT 2016"]
[Source "ChessBase"]
[SourceDate "2015.10.08"]
[SourceVersion "1"]
[SourceVersionDate "2015.10.08"]
[SourceQuality "1"]

1. e4 Nf6 2. e5 Nd5 3. d4 d6 4. Nf3 dxe5 5. Nxe5 g6 6. Bc4 Be6 7. 0-0 Bg7 8. Bb3 0-0 9. Re1 c6 10. Nf3 Bg4 11. c3 Re8 12. h3 Bxf3 13. Qxf3 e5 14. dxe5 Rxe5 15. Rxe5 Bxe5 16. Nd2 a5 17. Ne4 a4 18. Bc4 b5 19. Bxd5 Qxd5 20. Bh6 f5 21. Ng5 Qxf3 22. Nxf3 Bg7 23. Bxg7 Kxg7 24. Re1 Ra7 25. Nd4 Rb7 26. Kf1 c5 27. Ne6+ Kf6 28. Nxc5 Rc7 29. Nd3 Rd7 30. Rd1 Nc6 31. Ke2 Re7+ 32. Kd2 Ne5 33. Nxe5 Rxe5 34. Re1 Rd5+ 35. Kc2 f4 36. b3 axb3+ 37. axb3 Rg5 38. Rg1 f3 39. g3 Re5 40. Rd1 g5 41. c4 bxc4 42. bxc4 Re2+ 43. Rd2 Re1 44. Kc3 Rc1+ 45. Kb4 h5 46. c5 Re1 47. c6 Rc1 48. Kb5 Rb1+ 49. Kc5 Ke6 50. c7 Rc1+ 51. Kb6 Rb1+ 52. Kc6 Rc1+ 53. Kb7 Rb1+ 54. Kc8 Rb3 55. Kd8 1-0

[Event "Split op 3rd"]
[Site "Split"]
[Date "2013.08.10"]
[Round "1"]
[White "Stokke, Kjetil"]
[Black "Vrankovic, Ivan"]
[Result "1-0"]
[WhiteElo "2385"]
[BlackElo "1937"]
[PlyCount "49"]
[EventDate "2013.08.10"]
[EventType "swiss"]
[EventRounds "9"]
[EventCountry "CRO"]
[SourceTitle "CBM 155 Extra"]
[Source "ChessBase"]
[SourceDate "2013.08.26"]
[SourceVersion "1"]
[SourceVersionDate "2013.08.26"]
[SourceQuality "1"]

1. Nf3 Nf6 2. c4 g6 3. Nc3 Bg7 4. e4 d6 5. d4 0-0 6. Be2 e5 7. 0-0 Nc6 8. d5 Ne7 9. b4 Nh5 10. Re1 Nf4 11. Bf1 f5 12. Bxf4 exf4 13. e5 a5 14. Qb3 Kh8 15. Rad1 b6 16. a3 dxe5 17. Nxe5 Qd6 18. Nb5 Qf6 19. Nxc7 a4 20. Qd3 Rb8 21. d6 Ng8 22. c5 bxc5 23. bxc5 Rb3 24. Qd5 h6 25. d7 1-0

[Event "Split Zupanije-ch"]
[Site "Split"]
[Date "2013.03.20"]
[Round "5"]
[White "Vrankovic, Ivan"]
[Black "Ivic, Mateo"]
[Result "0-1"]
[WhiteElo "1974"]
[BlackElo "2272"]
[PlyCount "50"]
[EventDate "2013.03.16"]
[EventType "swiss"]
[EventRounds "9"]
[EventCountry "CRO"]
[SourceTitle "CBM 153 Extra"]
[Source "ChessBase"]
[SourceDate "2013.04.22"]
[SourceVersion "1"]
[SourceVersionDate "2013.04.22"]
[SourceQuality "1"]

1. e4 e5 2. Bc4 Nf6 3. d3 Nc6 4. Nc3 Bc5 5. Nf3 d6 6. h3 a6 7. a3 Be6 8. b4 Bb6 9. Nd5 Bxd5 10. exd5 Ne7 11. Bg5 Ng6 12. Nh4 h6 13. Nxg6 fxg6 14. Be3 0-0 15. Bxb6 cxb6 16. 0-0 Nh5 17. Qg4 Nf4 18. Rae1 Rf5 19. h4 h5 20. Qg3 g5 21. Re3 gxh4 22. Qh2 Qg5 23. Kh1 Raf8 24. g3 Ng6 25. gxh4 Qxe3 0-1

[Event "Split op 2nd"]
[Site "Split"]
[Date "2012.08.14"]
[Round "4"]
[White "Vrankovic, Ivan"]
[Black "Thurstan, Tim M"]
[Result "0-1"]
[WhiteElo "1976"]
[BlackElo "2158"]
[PlyCount "67"]
[EventDate "2012.08.11"]
[EventType "swiss"]
[EventRounds "9"]
[EventCountry "CRO"]
[SourceTitle "CBM 149 Extra"]
[Source "ChessBase"]
[SourceDate "2012.08.24"]
[SourceVersion "1"]
[SourceVersionDate "2012.08.24"]
[SourceQuality "1"]

1. e4 e6 2. d4 d5 3. Nd2 Nf6 4. e5 Nfd7 5. c3 c5 6. Bd3 Nc6 7. Ne2 cxd4 8. cxd4 f6 9. exf6 Nxf6 10. 0-0 Bd6 11. Nf3 Qc7 12. Bg5 0-0 13. Bh4 Bd7 14. Bg3 e5 15. dxe5 Nxe5 16. Nxe5 Bxe5 17. Rc1 Qd6 18. Re1 Rae8 19. Qb3 b6 20. Nc3 Bxg3 21. hxg3 Rxe1+ 22. Rxe1 Kh8 23. Bb5 Qc5 24. Re2 Bg4 25. Rd2 d4 26. Ne2 Bxe2 27. Rxe2 Qc1+ 28. Kh2 Qh6+ 29. Kg1 Qc1+ 30. Kh2 Ng4+ 31. Kh3 Nxf2+ 32. Rxf2 Qh6+ 33. Kg4 Qg6+ 34. Kh3 0-1

[Event "Split op 2nd"]
[Site "Split"]
[Date "2012.08.11"]
[Round "1"]
[White "Dragomirescu, Robin Alexandru"]
[Black "Vrankovic, Ivan"]
[Result "1-0"]
[WhiteElo "2377"]
[BlackElo "1976"]
[PlyCount "75"]
[EventDate "2012.08.11"]
[EventType "swiss"]
[EventRounds "9"]
[EventCountry "CRO"]
[SourceTitle "CBM 149 Extra"]
[Source "ChessBase"]
[SourceDate "2012.08.24"]
[SourceVersion "1"]
[SourceVersionDate "2012.08.24"]
[SourceQuality "1"]

1. e4 c5 2. Nf3 Nc6 3. d4 cxd4 4. Nxd4 g6 5. c4 Bg7 6. Be3 d6 7. Nc3 Nf6 8. Be2 0-0 9. 0-0 Bd7 10. f3 Nxd4 11. Bxd4 Bc6 12. b4 b6 13. Rc1 a5 14. a3 Nd7 15. Bxg7 Kxg7 16. Qd4+ Kg8 17. Rfd1 axb4 18. axb4 Bb7 19. f4 Nb8 20. Nd5 Nc6 21. Qxb6 Qxb6+ 22. Nxb6 Ra2 23. Bf3 Rb2 24. b5 Na5 25. Ra1 Nb3 26. Ra7 Nc5 27. Nd7 Nxd7 28. Rxb7 Rd8 29. e5 Rc2 30. exd6 exd6 31. Rxd6 Re8 32. h3 Nc5 33. Rc7 Ne6 34. Rxe6 Rxe6 35. c5 Rf6 36. b6 Rxf4 37. b7 Rb4 38. c6 1-0

[Event "CRO-ch U15 21th"]
[Site "Osijek"]
[Date "2012.06.23"]
[Round "8"]
[White "Vrankovic, Ivan"]
[Black "Bosnjak, Petar"]
[Result "1-0"]
[WhiteElo "1966"]
[BlackElo "2025"]
[PlyCount "41"]
[EventDate "2012.06.19"]
[EventType "swiss"]
[EventRounds "9"]
[EventCountry "CRO"]
[SourceTitle "EXT 2013"]
[Source "ChessBase"]
[SourceDate "2012.11.22"]
[SourceVersion "1"]
[SourceVersionDate "2012.11.22"]
[SourceQuality "1"]

1. e4 e5 2. Nf3 Nc6 3. d4 exd4 4. Bc4 Nf6 5. 0-0 Nxe4 6. Re1 d5 7. Bxd5 Qxd5 8. Nc3 Qa5 9. Nxe4 Be6 10. Neg5 0-0-0 11. Nxe6 fxe6 12. Rxe6 Bd6 13. Bg5 Rdf8 14. Qe2 h6 15. Bh4 g5 16. Bg3 Bxg3 17. hxg3 Qd5 18. Qe4 Qb5 19. b3 Qa5 20. Qg4 Qf5 21. Re8+ 1-0

[Event "CRO-ch U15 21th"]
[Site "Osijek"]
[Date "2012.06.20"]
[Round "3"]
[White "Pavic, Filip"]
[Black "Vrankovic, Ivan"]
[Result "0-1"]
[WhiteElo "1758"]
[BlackElo "1966"]
[PlyCount "78"]
[EventDate "2012.06.19"]
[EventType "swiss"]
[EventRounds "9"]
[EventCountry "CRO"]
[SourceTitle "EXT 2013"]
[Source "ChessBase"]
[SourceDate "2012.11.22"]
[SourceVersion "1"]
[SourceVersionDate "2012.11.22"]
[SourceQuality "1"]

1. e4 c5 2. Nc3 Nc6 3. f4 g6 4. Nf3 Bg7 5. Bb5 Nd4 6. 0-0 Nxb5 7. Nxb5 d5 8. exd5 a6 9. Nc3 Nf6 10. d3 Nxd5 11. Bd2 0-0 12. Nxd5 Qxd5 13. Bc3 b5 14. Bxg7 Kxg7 15. Qe2 Ra7 16. Qe5+ Qxe5 17. Nxe5 f6 18. Nf3 Rd8 19. Kf2 Rd6 20. Nd2 Bf5 21. Kf3 h5 22. Ne4 Rd5 23. h3 h4 24. Nc3 Rd4 25. Ne2 Rd6 26. a4 c4 27. d4 b4 28. Rac1 Bd7 29. Ra1 Bc6+ 30. Kf2 Rd5 31. b3 c3 32. Ke3 Rad7 33. Rad1 e5 34. Rf2 a5 35. Kd3 exd4 36. f5 Bb7 37. fxg6 Ba6+ 38. Ke4 Re5+ 39. Kf3 Re3+ 0-1

[Event "Split SDZ op"]
[Site "Split"]
[Date "2012.03.23"]
[Round "7"]
[White "Saric, Branko"]
[Black "Vrankovic, Ivan"]
[Result "1/2-1/2"]
[WhiteElo "1925"]
[BlackElo "1895"]
[PlyCount "73"]
[EventDate "2012.03.17"]
[EventType "swiss"]
[EventRounds "9"]
[EventCountry "CRO"]
[SourceTitle "EXT 2013"]
[Source "ChessBase"]
[SourceDate "2012.11.22"]
[SourceVersion "1"]
[SourceVersionDate "2012.11.22"]
[SourceQuality "1"]

1. d4 Nf6 2. c4 g6 3. Nc3 Bg7 4. e4 d6 5. Nge2 0-0 6. Ng3 e5 7. d5 a5 8. h4 h5 9. Bg5 Qd7 10. Qd2 Kh7 11. Bd3 Na6 12. 0-0-0 Nc5 13. Kb1 Nxd3 14. Qxd3 Ng4 15. Rdf1 f6 16. Bd2 c6 17. f3 Nh6 18. Rf2 Rb8 19. Rd1 Nf7 20. Nge2 f5 21. g3 cxd5 22. Nxd5 b5 23. cxb5 Rxb5 24. Rc1 Ba6 25. Qa3 Rc8 26. Rxc8 Qxc8 27. Bxa5 Rxa5 28. Qxa5 Bd3+ 29. Ka1 Bxe2 30. Qe1 Ba6 31. a4 Qc4 32. Qd1 f4 33. Rg2 Bc8 34. b3 Qc5 35. Rc2 Qa3+ 36. Ra2 Qc5 37. Rc2 1/2-1/2